| Поле | Инд. | ПП | Название | Значение |
|---|---|---|---|---|
| Тип записи | a | |||
| Библиографический уровень | b | |||
| 001 | Контрольный номер | RU/IS/BASE/322759917 | ||
| 005 | Дата корректировки | 20200526192508.7 | ||
| 008 | Кодируемые данные | 20100324 | ||
| 040 | b | Код языка каталог. | rus | |
| e | Правила каталог. | PSBO | ||
| 041 | 0_ | a | Код языка текста | rus |
| 084 | a | Индекс другой классификации/Индекс ББК | 60.542.5-2; 60.993 | |
| 100 | 1_ | a | Автор | Наберушкина Э. К. |
| q | Полное имя | Наберушкина Эльмира Кямаловна | ||
| 245 | 10 | a | Заглавие | Инвалидность и право на независимую жизнь |
| 504 | a | Библиография | Библиогр.: с. 137 | |
| 520 | 0_ | a | Аннотация | Для эффективного анализа и решения проблем инвалидности автор делает обзор таких основных моментов, как: доступность информации и окружающего пространства для инвалидов, степени соблюдения их прав и свобод в сфере медицинского и социального обслуживания, интеграции инвалидов в структуру занятости и образования |
| 650 | 14 | a | Основная рубрика | социальная защита |
| a | Основная рубрика | социология | ||
| a | Основная рубрика | социология групп | ||
| 653 | 1_ | a | Ключевые слова | доступность информации |
| a | Ключевые слова | занятость инвалидов | ||
| a | Ключевые слова | инвалидность | ||
| a | Ключевые слова | инвалиды | ||
| a | Ключевые слова | медицинское обслуживание | ||
| a | Ключевые слова | образование | ||
| a | Ключевые слова | права инвалидов | ||
| a | Ключевые слова | работа | ||
| a | Ключевые слова | Россия | ||
| a | Ключевые слова | социальная помощь | ||
| 773 | 08 | t | Заглавие источника | Вестник Московского университета. Серия 18, Социология и политология |
| d | Дата издания источника | 2009 | ||
| g | Прочая информация | № 4. - С. 128 - 137 | ||
| w | Контрольный № источника | RU/IS/BASE/317399284 | ||
| 901 | t | Тип документа | b |